Global times, global debates?: same-sex marriage worldwide/
Salvato in:
| Autore principale: | |
|---|---|
| Natura: | Libro |
| Lingua: | English |
| Tags: |
Aggiungi Tag
Nessun Tag, puoi essere il primo ad aggiungerne!!
|
MARC
| LEADER | 00000nam a22000007a 4500 | ||
|---|---|---|---|
| 003 | cru CIDCACS/IIS | ||
| 005 | 20180119153839.0 | ||
| 007 | ta | ||
| 008 | 180118s2015 -uk|||p|r||||||0| ||eng | | ||
| 999 | |c 40841 |d 40841 | ||
| 040 | |c cru CIDCACS/IIS | ||
| 100 | 1 | |9 6414 |a Paternotte, David | |
| 245 | 1 | |a Global times, global debates?: |b same-sex marriage worldwide/ |c David Paternotte | |
| 300 | |a páginas 653-674 | ||
| 773 | 0 | |0 40836 |9 1744 |d Reino Unido : Oxford University Press |o 18367 |t Social Politics: |x 10724745 | |
| 942 | |2 ddc |c PP | ||
